| 000 | 00724nam a2200205Ia 4500 | ||
|---|---|---|---|
| 008 | 140321s9999 xx 000 0 und d | ||
| 020 | _a9781439813683 | ||
| 050 |
_aTL 564 _b.R54 2013 |
||
| 100 | _aRierson, Leanna | ||
| 245 |
_aDeveloping safety-critical software : _ba practical guide for aviation software and D0-178C compliance / _cLeanna Rierson. |
||
| 260 |
_aNew York : _bTaylor and Francis, _cc2013. |
||
| 300 |
_a582 p. : _bill. ; _c24 cm. |
||
| 500 | _aIncludes bibliographical references and index. | ||
| 521 | _aIT | ||
| 650 |
_aAeronautics _xData processing. |
||
| 650 |
_aAeronautics _xSafety measures. |
||
| 650 |
_aAeronautics _xSafety regulations --United States. |
||
| 942 |
_kFOR _cBK |
||
| 999 |
_c48673 _d48673 |
||